Country + Capital = 10 - Statistics

General Stats
  • This quiz has been taken 14 times
  • The average score is 20 of 22
Answer Stats
Answer % Correct
5;5 Japan
100%
6;4 Norway
100%
4;6 Oman
100%
Oslo
100%
Tokyo
100%
Accra
93%
5;5 Ghana
93%
6;4 Latvia
93%
Muscat
93%
Riga
93%
Cairo
86%
4;6 Cuba
86%
5;5 Egypt
86%
Havana
86%
4;6 Iran
86%
4;6 Mali
86%
5;5 Nauru
86%
Tehran
86%
5;5 Yemen
86%
Sana'a
79%
Bamako
71%
Yaren
64%
No matching quizzes found
Score Distribution
Percent of People with Each Score
Percentile by Number Answered
Your Score History
You have not taken this quiz